000
00259nam a2200109Ia 4500
008
230320s9999||||xx |||||||||||||| ||spa||
082
_a
193/E22
100
_a
Eckehart, Hochheim De
245
0
_a
Libro Del Consuelo Divino
260
_b
Aguilar
942
_8
0
_c
LIB
999
_c
26261
_d
26261